[Event "Wesel Undeloh op"]
[Site "Wesel Undeloh"]
[Date "2005.??.??"]
[Round "1"]
[White "Rehder, Frank"]
[Black "Lenger, Horst"]
[Result "1-0"]
[WhiteElo "1691"]
[BlackElo "1343"]
[PlyCount "97"]
[EventDate "2005.04.14"]
[EventType "swiss"]
[EventRounds "7"]
[EventCountry "GER"]
[SourceTitle "EXT 2007"]
[Source "ChessBase"]
[SourceDate "2006.11.23"]
[SourceVersion "1"]
[SourceVersionDate "2006.11.23"]
[SourceQuality "1"]

1. d4 d5 2. c4 Nf6 3. Nf3 c6 4. Nc3 Bf5 5. e3 e6 6. a3 Nbd7 7. Be2 Be7 8. 0-0 Ne4 9. Nxe4 Bxe4 10. Nd2 Bg6 11. b4 0-0 12. Bb2 a6 13. Rc1 Bd6 14. Nb3 b6 15. Bd3 Rc8 16. c5 Be7 17. Bxa6 Rb8 18. cxb6 Rxb6 19. Bd3 Nf6 20. Rc2 Qd6 21. g3 Ne4 22. f4 f5 23. Qe2 Nf6 24. Rfc1 Bh5 25. Qd2 Ne4 26. Qe1 Be8 27. Na5 Rb8 28. Nxc6 Ra8 29. Nxe7+ Qxe7 30. Rc7 Qd8 31. Qe2 Rf7 32. Rxf7 Kxf7 33. Bb5 Nd6 34. Bxe8+ Nxe8 35. g4 fxg4 36. Qxg4 Nf6 37. Qe2 Qe8 38. Rc7+ Kg8 39. Qg2 Qg6 40. Qxg6 hxg6 41. h3 Ne4 42. Rc6 Kf7 43. b5 Ke7 44. Bc3 Nxc3 45. Rxc3 Kd7 46. b6 Rc8 47. Rxc8 Kxc8 48. a4 Kb7 49. a5 1-0